Isaac Albéniz : portrait of a romantic /

Bibliographic Details
Main Author: Clark, Walter Aaron
Format: Book
Language:English
Published: Oxford ; New York : Oxford University Press, [1999]
Subjects:

MARC

Tag First Indicator Second Indicator Subfields
LEADER 00000cam a2200000 a 4500
001 in00001492004
005 20151021091653.0
008 971027s1999 enkab b 001 0beng
010 |a  97032612  
015 |a GB99-34166 
019 |a 41308715 
020 |a 019816369X 
035 |a (OCoLC)37870589 
035 |9 AJK2221AM 
040 |a DLC  |c DLC  |d UKM  |d TXA  |d UtOrBLW 
043 |a e-sp--- 
049 |a TXAM 
050 0 0 |a ML410.A3  |b C53 1999 
082 0 0 |a 780/.92  |a B  |2 21 
100 1 |a Clark, Walter Aaron. 
245 1 0 |a Isaac Albéniz :  |b portrait of a romantic /  |c Walter Aaron Clark. 
264 1 |a Oxford ;  |a New York :  |b Oxford University Press,  |c [1999] 
264 4 |c ©1999 
300 |a xv, 321 pages :  |b illustrations, map ;  |c 24 cm. 
336 |a text  |b txt  |2 rdacontent 
337 |a unmediated  |b n  |2 rdamedia 
338 |a volume  |b nc  |2 rdacarrier 
504 |a "List of works": pages [295]-300. 
504 |a Includes bibliographical references (pages [301]-310) and indexes. 
600 1 0 |a Albéniz, Isaac,  |d 1860-1909. 
650 0 |a Composers  |z Spain  |v Biography. 
600 1 4 |a Albéniz, Isaac,  |d 1860-1909. 
650 4 |a Composers  |z Spain  |v Biography. 
948 |a c:pk 
999 |a MARS 
999 f f |s 2a81c311-d556-31ee-af7d-37952b27190f  |i 8927a465-9f7a-3590-b65e-e362a277fe61  |t 0 
952 f f |p normal  |a Texas A&M University  |b College Station  |c Sterling C. Evans Library  |d Evans: Library Stacks  |t 0  |e ML410.A3 C53 1999  |h Library of Congress classification  |i unmediated -- volume  |m A14825269406 
998 f f |a ML410.A3 C53 1999  |t 0  |l Evans: Library Stacks